1327 1281 1349 1521 1918 1423 1601 1858 1049 1300 1587 1860 1307 1190 1614 1642 1131 1400 1996 1818 1406 1068 1387 1903 1744 1172 1470 1564 1997 1277 1685 1550 1843 1296 1870 1752 1354 1283 1747 1177 1389 1821 1381 1637 1139 1987 1834 1640 1487 1515 1050 1633 1086 1145 1102 1323 1672 1351 1529 1430 1903 1492 1955 1413 1068 1798 1195 1524 1348 1114 1992 1942 1581 1717 1281 1778 1565 1921 1401 1961 1262 1588 1190 1738 1782 1988 1290 1437 1223 1982 1301 1688 1027 1385 1943 1898 1105 1661 1599 BCNSPRNW ULIB Ver.6.0+V

เปลี่ยนเป็นภาษาไทย

Change to English
 แสดงรายละเอียดบรรณานุกรม
  กลับหน้าหลัก

Brief Record : Get Marc (ISO 2709) : E-mail record : QR code < ปิดหน้าต่าง
LEADER : 00000nam 2200000uu 4500
001    13399109051
003     ULIB
008    110321s2552||||th 000 0 tha d
020    9789744140968 (ล.1)
050  4 GV1493^bค333ก 2552 ล.1
100 1  คาเปลลา
245 10 เกมอัจฉริยะ ^nเล่ม1=^bIQ puzzles /^cCapella ; ผู้แปล, ปฏิพลตั้งจักรวรานนท์ ; ผู้เรียบเรียง, ธนิกานต์ มาฆะศิรานนท์
246 31 IQ puzzles
250    พิมพ์ครั้งที่ 1
260    กรุงเทพฯ :^bบิสคิต,^c2552
300     เล่ม1 = 134 หน้า :^bภาพประกอบ ;^c21 ซม.
650  7 ปริศนา
650  7 เกม
650  7 คณิตศาสตร์นันทนาการ
650  7 ตรรกวิทยา
650  7 แบบทดสอบสติปัญญา
700 1  Capella.^tIQ puzzles
700 0  ปฏิพล ตั้งจักรวรานนท์,^eผู้แปล
700 0  ธนิกานต์ มาฆะศิรานนท์,^eผู้เรียบเรียง
945    ^p125^l0^i029818
945    ^p125^l0^i029817
995    เกษร
999 ^a ใช้งานได้ทุกระบบ
รายการนี้ยังไม่มีแท็ก
คุณยังไม่ได้ล็อกอิน คุณสามารถมีกิจกรรมร่วมกับเว็บไซต์ได้ แต่ต้องล็อกอินก่อน ::
  ล็อกอิน

รายการสื่อสารสนเทศ

ลำดับที่ ประเภท เลขเรียก/บาร์โค้ด สถานที่ สถานะ
- ไม่พบข้อมูล -

รายการใกล้เคียง
    ผู้แต่ง [คาเปลลา]

    หัวเรื่อง [ปริศนา]
    หัวเรื่อง [เกม]
    หัวเรื่อง [คณิตศาสตร์นันทนาการ]
    หัวเรื่อง [ตรรกวิทยา]
    หัวเรื่อง [แบบทดสอบสติปัญญา]

BibComment


ยังไม่เคยถูกคอมเมนท์

คอมเมนท์ทรัพยากรรายการนี้
  คอมเมนท์: เกมอัจฉริยะ เล่ม..


 Copyright 2026. Bcnsprnw @Library